03968 2201933 4500001002100000008004100021035002000062245007100082100001900153250000600172260003300178300001200211084001400223082000800237650001300245990001200258990001200270990001200282990001200294990001200306990001200318990001200330990001200342990001200354990001200366990001200378990001200390990001200402990001200414990001200426990001200438990001200450990001200462990001200474990001200486990001200498990001200510990001200522990001200534990001200546990001200558990001200570990001200582990001200594990001200606990001200618990001200630990001200642990001200654990001200666990001200678990001200690990001200702990001200714990001200726990001200738990001200750990001200762990001200774990001200786990001200798990001200810990001200822990001200834990001200846990001200858990001200870990001200882990001200894990001200906990001200918990001200930990001200942990001200954990001200966990001200978990001200990990001201002990001201014990001201026990001201038990001201050990001201062990001201074990001201086990001201098990001201110990001201122990001201134990001201146990001201158990001201170990001201182990001201194990001201206990001201218990001201230990001201242990001201254990001201266990001201278990001201290990001201302990001201314990001201326990001201338990001201350990001201362990001201374990001201386990001201398990001201410990001201422990001201434990001201446990001201458990001201470990001201482990001201494990001201506990001201518990001201530990001201542990001201554990001201566990001201578990001201590990001201602990001201614990001201626990001201638990001201650990001201662990001201674990001201686990001201698990001201710990001201722990001201734990001201746990001201758990001201770990001201782990001201794990001201806990001201818990001201830990001201842990001201854990001201866990001201878990001201890990001201902990001201914990001201926990001201938990001201950990001201962990001201974990001201986990001201998990001202010990001202022INLIS000000000000819 ind  a0010-0524000054 aBuku Siswa Sejarah Peminatan Kelas XII Edisi RevisicIndah Sawitri aSawitri, Indah a1 aSurakarta :bMediatamac2020 a198 hlm a900 IND s a900 aNonFiksi a0740919 a0740920 a0740921 a0740922 a0740923 a0740924 a0740925 a0740926 a0740927 a0740928 a0740929 a0740930 a0740931 a0740932 a0740933 a0740934 a0740935 a0740936 a0740937 a0740938 a0740939 a0740940 a0740941 a0740942 a0740943 a0740944 a0740945 a0740946 a0740947 a0740948 a0740968 a0740969 a0740970 a0740971 a0740972 a0740973 a0740974 a0740975 a0740976 a0740977 a0740978 a0740979 a0740980 a0740981 a0740982 a0740983 a0740984 a0740985 a0740986 a0740987 a0740988 a0740989 a0740990 a0740991 a0740992 a0740993 a0740994 a0740995 a0740996 a0740997 a0740998 a0740999 a0741000 a0741001 a0741002 a0741003 a0741004 a0741005 a0741006 a0741007 a0741008 a0741009 a0741010 a0741011 a0741012 a0741013 a0741014 a0741015 a0741016 a0741017 a0741018 a0741019 a0741020 a0741021 a0741022 a0741023 a0741024 a0741025 a0741026 a0741027 a0741028 a0741029 a0741030 a0741031 a0741032 a0741033 a0741034 a0741035 a0741036 a0741037 a0741038 a0741039 a0741040 a0741041 a0741042 a0741043 a0741044 a0741045 a0741046 a0741047 a0741048 a0741049 a0741050 a0741051 a0741052 a0741053 a0741054 a0741055 a0741056 a0741057 a0741058 a0741059 a0741060 a0741061 a0741062 a0741063 a0741064 a0741065 a0741066 a0741067 a0741068 a0741069 a0741070 a0741071 a0741072 a0741073 a0741074 a0741075 a0741076 a0741077 a0741078 a0741079 a0741080 a0741081 a0741082 a0741083 a0741084 a0741085